RICS global property survey (Record no. 111458)

MARC details
000 -LEADER
fixed length control field 01400cad a22002295a 4500
001 - CONTROL NUMBER
control field E151584
008 - FIXED-LENGTH DATA ELEMENTS--GENERAL INFORMATION
fixed length control field 101122s2007 xxkad f s 000 0 eng d
035 ## - SYSTEM CONTROL NUMBER
System control number (Sirsi) u151584
041 0# - LANGUAGE CODE
Language code of text/sound track or separate title eng
050 04 - LIBRARY OF CONGRESS CALL NUMBER
Classification number 333.33 $2 18
110 2# - MAIN ENTRY--CORPORATE NAME
Corporate name or jurisdiction name as entry element Royal Institution of Chartered Surveyors
9 (RLIN) 4900
245 00 - TITLE STATEMENT
Title RICS global property survey
Remainder of title issue 6
Medium [electronic resource]
260 ## - PUBLICATION, DISTRIBUTION, ETC.
Place of publication, distribution, etc. London
Name of publisher, distributor, etc. RICS
Date of publication, distribution, etc. 2007
490 #0 - SERIES STATEMENT
Series statement RICS Global Property Survey
Volume/sequential designation (6) 2007
520 ## - SUMMARY, ETC.
Summary, etc. This issue of the RICS Global Property Survey suggests that investment demand for commercial real estate is expected to stagnate in developed markets due to the global credit crunch. In contrast, investment into emerging markets is projected to continue to rise. Tenant demand for commercial property is projected to rise at a faster pace into 2008 across all world regions outside North America, boosting rents further. Emerging markets are expected to see the largest rises most notably in Asia. Capital values to be hardest hit in the US, particularly New York and Chicago as they feel the impact of the credit turmoil.
590 ## - LOCAL NOTE (RLIN)
Local note KA
650 24 - SUBJECT ADDED ENTRY--TOPICAL TERM
Topical term or geographic name entry element RICS GLOBAL PROPERTY SURVEY
651 #4 - SUBJECT ADDED ENTRY--GEOGRAPHIC NAME
Geographic name International
690 ## - LOCAL SUBJECT ADDED ENTRY--TOPICAL TERM (OCLC, RLIN)
Topical term or geographic name as entry element PROPERTY-COMMERCIAL PROPERTY-COMMERCIAL PROPERTY MARKET
856 40 - ELECTRONIC LOCATION AND ACCESS
Uniform Resource Identifier <a href="https://www.rics.org/site/download_feed.aspx?fileID=1480&fileExtension=PDF">https://www.rics.org/site/download_feed.aspx?fileID=1480&fileExtension=PDF</a>
Public note View the survey free of charge at www.rics.org
942 ## - ADDED ENTRY ELEMENTS (KOHA)
Suppress in OPAC 0
Holdings
Withdrawn status Lost status Source of classification or shelving scheme Damaged status Not for loan Home library Current library Shelving location Date acquired Total Checkouts Full call number Barcode Date last seen Copy number Price effective from Koha item type
    Dewey Decimal Classification     Virtual Virtual Online 22/11/2010   ONLINE PUBLICATION 151584-2001 06/08/2019 1 06/08/2019 Book